000
00307nam a22001337a 4500
008
171101b xxu||||| |||| 00| 0 eng d
020
_a
9781573874397
041
_a
eng
080
_2
57 ED
_a
339
100
_a
59
101
_a
TRE
245
_a
LIBRARY AND BOOK TRADE ALMNAC
_c
DOVE.B
942
_2
udc
_c
BK
999
_c
37070
_d
37070